000 00738cam a2200229u 4500
001 7499807
003 ARRUPE
005 20221117114209.0
008 821020s1961 enk 000 0 eng
010 _a 61066599
028 _bArrupe
040 _aDLC
_cCarP
_dDLC
050 0 0 _aBR121.2
_b.P9 1961
100 1 _aPyle, Eric H.,
_d1918- [from old catalog]
_951860
245 1 0 _aIntroducing Christianity
260 _a[Harmondsworth, Middlesex]
_bPenguin Books
_c[1961]
300 _a157 p.
_c18 cm.
650 0 _aChristianity
_xEssence, genius, nature.
_911278
700 1 _aWilliamson, Sydney George,
_d1906- [from old catalog]
_ejoint author.
_951861
906 _a0
_bcbc
_cpremunv
_du
_encip
_f19
_gy-gencatlg
942 _2lcc
_cMONOGRAPH
999 _c131531
_d131531